[Event "Munich op-A 2nd"]
[White "Peycheva, Gergana"]
[Black "Tripathi, Pratyush"]
[Site "Munich"]
[Round "4"]
[Result "1-0"]
[Date "2024.05.29"]
[WhiteElo "2295"]
[BlackElo "2108"]
[PlyCount "193"]
[EventDate "2024.05.26"]
[EventType "swiss"]
[EventRounds "9"]
[EventCountry "GER"]
[SourceTitle "CBM 220 Extra"]
[Source "ChessBase"]
[SourceDate "2024.07.31"]
[SourceVersion "1"]
[SourceVersionDate "2024.07.31"]
[SourceQuality "1"]

1. d4 d5 2. c4 c5 3. Nf3 Nf6 4. e3 e6 5. a3 a6 6. Nc3 Nc6 7. cxd5 exd5 8. Be2 Bd6 9. dxc5 Bxc5 10. 0-0 0-0 11. b4 Bd6 12. Bb2 Bg4 13. h3 Bh5 14. Nd4 Bg6 15. Nxc6 bxc6 16. Rc1 a5 17. b5 Rb8 18. a4 Re8 19. Bf3 h5 20. Qd2 Qb6 21. Rfd1 Be5 22. Ba1 Bxc3 23. Bxc3 cxb5 24. Bxa5 Qe6 25. axb5 Rxb5 26. Bc3 Ne4 27. Qd4 Nxc3 28. Rxc3 Qe5 29. Rc8 Qe6 30. Rxe8+ Qxe8 31. Bxd5 Bc2 32. Ra1 Rb1+ 33. Rxb1 Bxb1 34. Qf4 Bg6 35. Qg5 Kh7 36. Bf3 f6 37. Qd5 Qf7 38. Qc5 Qe8 39. h4 Qe5 40. Qxe5 fxe5 41. Bd1 Kg8 42. Bb3+ Kf8 43. Bd5 Ke7 44. e4 Be8 45. g3 Kd6 46. f4 Bd7 47. Kf2 Ba4 48. Ke3 Bd1 49. Bc4 Ba4 50. Kd3 Bd7 51. Bd5 Bb5+ 52. Kc3 Ba4 53. Kb4 Bc2 54. Kb5 Bd3+ 55. Kb6 Be2 56. Bf7 Ke7 57. Bg6 Kd6 58. Bf5 Bc4 59. Bg6 Be2 60. Be8 Bf3 61. Bc6 Be2 62. Bd5 Bf3 63. Kb5 Be2+ 64. Kb4 Bd1 65. Kc3 Ba4 66. Bf7 Bd1 67. Kd2 Bf3 68. Ke3 Bd1 69. Be8 Bg4 70. Ba4 Be6 71. Bd1 Bf7 72. Be2 Bg6 73. Bc4 Kc5 74. Bb3 Kd6 75. Bg8 Be8 76. Bb3 Bg6 77. Kf3 Be8 78. g4 hxg4+ 79. Kxg4 exf4 80. Kxf4 Bc6 81. e5+ Ke7 82. Kf5 Be8 83. Kg5 Kf8 84. Bc2 Ke7 85. Bf5 Bf7 86. Bg6 Be6 87. Bh7 Bf7 88. Bd3 Be8 89. Bc4 Kf8 90. Be6 Ke7 91. Bf5 Bf7 92. Bc8 Be8 93. e6 Bf7 94. exf7 Kxf7 95. Be6+ Kxe6 96. Kg6 Ke7 97. Kxg7 1-0

[Event "Stockholm Spangbergs Memorial"]
[White "Tripathi, Pratyush"]
[Black "Westerberg, Jonathan"]
[Site "Stockholm"]
[Round "4"]
[Result "0-1"]
[Date "2024.02.17"]
[WhiteElo "1797"]
[BlackElo "2468"]
[PlyCount "94"]
[EventDate "2024.02.17"]
[EventType "swiss"]
[EventRounds "7"]
[EventCountry "SWE"]
[SourceTitle "CBM 218 Extra"]
[Source "ChessBase"]
[SourceDate "2024.03.31"]
[SourceVersion "1"]
[SourceVersionDate "2024.03.31"]
[SourceQuality "1"]

1. d4 d5 2. c4 dxc4 3. e3 e5 4. Bxc4 exd4 5. exd4 Bd6 6. Nf3 Nf6 7. Qe2+ Qe7 8. Qxe7+ Bxe7 9. Nc3 a6 10. Bf4 Bd6 11. Bxd6 cxd6 12. 0-0 0-0 13. Nd5 Nxd5 14. Bxd5 Nc6 15. a3 h6 16. h3 Re8 17. Rfe1 Bf5 18. Re3 Rxe3 19. fxe3 Be6 20. Bxe6 fxe6 21. Kf2 Kf7 22. Rc1 Ke7 23. e4 Kd7 24. Ke3 b5 25. b3 Ne7 26. Rc2 a5 27. g3 a4 28. b4 Nc8 29. Nd2 Nb6 30. Kd3 Rf8 31. Ke2 g5 32. e5 dxe5 33. dxe5 Nd5 34. Nf3 g4 35. hxg4 Rg8 36. g5 hxg5 37. Kd3 g4 38. Nh4 Rf8 39. Rc5 Rf1 40. Rxb5 Rg1 41. Ra5 Rxg3+ 42. Kc4 Rh3 43. Ng6 g3 44. Ra7+ Ke8 45. Rg7 g2 46. Nh4 Rxh4+ 47. Kc5 Ne3 0-1

[Event "Uppsala Young Champions 10th"]
[White "Tripathi, Pratyush"]
[Black "Omarsson, Adam"]
[Site "Uppsala"]
[Round "5"]
[Result "0-1"]
[Date "2023.10.30"]
[WhiteElo "1801"]
[BlackElo "1946"]
[PlyCount "68"]
[EventDate "2023.10.27"]
[EventType "swiss"]
[EventRounds "9"]
[EventCountry "SWE"]
[SourceTitle "CBM 217 Extra"]
[Source "ChessBase"]
[SourceDate "2024.01.31"]
[SourceVersion "1"]
[SourceVersionDate "2024.01.31"]
[SourceQuality "1"]

1. d4 Nf6 2. c4 g6 3. Nc3 Bg7 4. e4 d6 5. Be2 0-0 6. Be3 Na6 7. Nf3 e5 8. 0-0 c6 9. a3 Qe7 10. dxe5 dxe5 11. b4 Ng4 12. Bg5 f6 13. Bc1 f5 14. c5 Rd8 15. Qb3+ Be6 16. Qb2 f4 17. h3 Nh6 18. Bxa6 bxa6 19. Qe2 a5 20. Nd2 axb4 21. axb4 Rd4 22. Ba3 Rad8 23. Rfd1 Nf7 24. Nf3 Ng5 25. Nxg5 Qxg5 26. Qf3 Bc4 27. Bb2 Rd2 28. Rxd2 Rxd2 29. Nd1 Qd8 30. Rc1 Rd3 31. Qe2 Bb3 32. Nc3 Rd2 33. Qa6 Rxb2 34. Qa3 Qd2 0-1